000 00638cam a2200229 4500500
005 20260405003203.0
041 _afre
042 _adc
100 1 0 _aN’Diaye, Aïda
_eauthor
245 0 0 _aLes Révoltes du ciel
260 _c2020.
500 _a69
690 _aAnthropocène
690 _aClimat
690 _aColonialisme
690 _aÉcosystème
690 _aHistoire
690 _aMétéo
690 _aScience
786 0 _nPhilosophie magazine | 145 | 1 | 2020-12-01 | p. 75-75 | 1951-1787
856 4 1 _uhttps://shs.cairn.info/magazine-philosophie-magazine-2020-12-1-page-75?lang=fr&redirect-ssocas=7080
999 _c2065147
_d2065147